| 000 | 00918nam a2200229Ia 4500 | ||
|---|---|---|---|
| 999 |
_c36395 _d36395 |
||
| 003 | GCL | ||
| 005 | 20240530103037.0 | ||
| 008 | 140319s9999 xx 000 0 ara d | ||
| 040 |
_aGCL / _cGCL |
||
| 082 | 0 | 4 |
_a536.7 _bا م |
| 100 | 1 | _aابوت، م. مايكل | |
| 245 | 1 | 0 |
_aمختصر شوم فى الديناميكا الحرارية : _bنظرية ومسائل باستخدام النظام المترى للوحدات si / _cتاليف مايكل م. ابوت ؛ ترجمة سعيد بسيونى الجزيرى |
| 260 |
_a[S.N] : _bالدار الدولية للنشر والتوزيع ، _c1992 |
||
| 300 | _a471 | ||
| 490 |
_aبحوث اجتماعية _v0 |
||
| 650 | 0 | 4 | _aالديناميكا الحرارية |
| 650 | 0 | 4 | _aالعلوم البحتة |
| 700 | 1 | _aسعيد بسيونى الجزيرى | |
| 700 | 1 | _aهيس, هـ.س.فان | |
| 700 | 1 | _aاحمد فؤاد باشا | |
| 942 |
_2ddc _cBK |
||